Vincitori di Ballando con le stelle - Statistics

Statistiche generali
  • Questo quiz è stato fatto 31 volte
  • Il punteggio medio è 9 su 18
Statistiche sulle risposte
Hint VIP Maestro % Corretto
2021 Arisa Vito Coppola
78%
2005 Hoara Borselli Simone di Pasquale
70%
2023 Wanda Nara Pasquale La Rocca
67%
2005 Cristina Chiabotto Raimondo Todaro
63%
2006 Fiona May Raimondo Todaro
59%
2012 Andres Gil Anastasija Kuzmina
56%
2018 Cesare Bocci Alessandra Tripoli
56%
2022 Luisella Costamagna Pasquale La Rocca
56%
2020 Gilles Rocca Lucrezia Lando
52%
2011 Kaspar Kapparoni Yulia Musikhina
52%
2013 Elisa Di Francisca Raimondo Todaro
48%
2009 Emanuele Filiberto di Savoia Natalia Titova
48%
2014 Giusy Versace Raimondo Todaro
44%
2016 Iago Garcia Samanta Togni
44%
2019 Lasse Matberg Sara Di Vaira
44%
2017 Oney Tapia Veera Kinnunen
44%
2007 Maria Elena Vandone Samuel Peron
41%
2010 Veronica Olivier Raimondo Todaro
26%
Nessun quiz corrispondente trovato
Distribuzione punteggi
Percentuale di utenti per punteggio
Percentile per numero di risposta
I tuoi punteggi nel tempo
Non hai fatto questo quiz